Chuyên đề bồi dưỡng giáo viên trung học phổ thông môn tin học
Một số khái niệm cơ bản của tin học; Soạn thảo văn bản; Khai thác một bài toán; Lệnh lặp với số lần biết trước; Kiểu dữ liệu có cấu trúc; Thư viện chương trình con chuẩn...
Đã lưu trong:
| Nhiều tác giả của công ty: | , |
|---|---|
| Định dạng: | Sách |
| Ngôn ngữ: | Vietnamese |
| Được phát hành: |
Hà Nội
Đại học Quốc gia Hà Nội
2013
|
| Loạt: | Sách Dự án phát triển giáo viên THPT & TCCN
|
| Những chủ đề: | |
| Các nhãn: |
Thêm thẻ
Không có thẻ, Là người đầu tiên thẻ bản ghi này!
|
| Thư viện lưu trữ: | Mạng thư viện Đại học Đà Nẵng |
|---|
| LEADER | 01680nam a2200361 4500 | ||
|---|---|---|---|
| 001 | 000018312 | ||
| 003 | 14741 | ||
| 005 | 20131008151044.0 | ||
| 008 | 131008s2013 viesd | ||
| 041 | 0 | |a vie | |
| 082 | 1 | 4 | |a 004.0712 |b BÔG |
| 110 | 1 | |a Bộ Giáo dục và đào tạo | |
| 245 | 1 | 0 | |a Chuyên đề bồi dưỡng giáo viên trung học phổ thông môn tin học |c Bộ Giáo dục và Đào tạo, Ngân hàng phát triển Châu Á |
| 260 | |a Hà Nội |b Đại học Quốc gia Hà Nội |c 2013 | ||
| 300 | |a 308 tr. |c 27 cm. | ||
| 490 | |a Sách Dự án phát triển giáo viên THPT & TCCN | ||
| 500 | |a Sách Dự án phát triển giáo viên THPT & TCCN - Trường Đại học Ngoại ngữ, Đại học Quốc gia Hà Nội | ||
| 520 | 3 | |a Một số khái niệm cơ bản của tin học; Soạn thảo văn bản; Khai thác một bài toán; Lệnh lặp với số lần biết trước; Kiểu dữ liệu có cấu trúc; Thư viện chương trình con chuẩn... | |
| 650 | 0 | 4 | |a Tin học |x Dạy và học |
| 650 | 0 | 4 | |a Tin học |x Giáo dục trung học |
| 653 | |a Tin học | ||
| 653 | |a Giáo viên trung học phổ thông | ||
| 710 | 1 | |a Ngân hàng phát triển Châu Á | |
| OWN | |a LSP | ||
| AVA | |a UDN50 |b LSP |d 004.0712 BÔG |e check_holdings |t Error 5003 Not defined in file expand_doc_bib_avail. |h N |k 1 | ||
| 999 | |a From the UDN01 | ||
| AVA | |a UDN50 |b LSP |d 004.0712 BÔG |e available |t Error 5001 Not defined in file expand_doc_bib_avail. |f 45 |g 10 |h N |i 1 |k 1 | ||
| TYP | |a Monograph | ||
| TYP | |a Printed language | ||
| 980 | |a Mạng thư viện Đại học Đà Nẵng | ||